[Event "HSK Osteropen 2024"]
[Site "Hamburg"]
[Date "2024.03.30"]
[Round "3.7"]
[White "Streich, Justus"]
[Black "Moser, Axel"]
[Result "1-0"]
[WhiteElo "1990"]
[BlackElo "2087"]
[PlyCount "49"]
[EventDate "2024.03.29"]

1. d4 d5 2. c4 e6 3. Nf3 Nf6 4. g3 h6 5. Bg2 Bd6 6. O-O O-O 7. Qc2 b6 8. Nc3 c6
9. e4 dxe4 10. Nxe4 Nxe4 11. Qxe4 Bb7 12. Ne5 Qe7 13. Be3 Rc8 14. Rac1 Nd7 15.
Nxd7 Qxd7 16. c5 Be7 17. b4 Rab8 18. Bf4 Ra8 19. Rfd1 Ba6 20. a4 bxc5 21. dxc5
Qe8 22. Rb1 Bf6 23. Bd6 g6 24. Rb3 Bg7 25. Rdb1 1-0

[Event "HSK Osteropen 2024"]
[Site "Hamburg"]
[Date "2024.03.30"]
[Round "3.8"]
[White "Schwarzkopf, Jörg"]
[Black "Magnussen, Helge"]
[Result "0-1"]
[WhiteElo "1862"]
[BlackElo "2084"]
[PlyCount "44"]
[EventDate "2024.03.29"]

1. Nf3 Nf6 2. g3 c5 3. Bg2 Nc6 4. d3 d5 5. O-O g6 6. Nbd2 Bg7 7. e4 O-O 8. c3
dxe4 9. dxe4 Qc7 10. Qc2 b6 11. Re1 e5 12. Nf1 Bb7 13. Bg5 h6 14. Bxf6 Bxf6 15.
Ne3 Ne7 16. Rad1 Rad8 17. Bf1 Bg7 18. Bc4 Bc6 19. Nd5 Qb7 20. Qd3 b5 21. Bxb5
Bxb5 22. Nxe7+ Kh7 0-1

[Event "HSK Osteropen 2024"]
[Site "Hamburg"]
[Date "2024.03.30"]
[Round "3.9"]
[White "Debertshäuser, Jörn"]
[Black "Atri, Jamshid"]
[Result "1/2-1/2"]
[WhiteElo "2010"]
[BlackElo "1996"]
[PlyCount "128"]
[EventDate "2024.03.29"]

1. e4 e5 2. Nf3 d6 3. d4 Nd7 4. Bc4 c6 5. a4 Be7 6. Nc3 Ngf6 7. O-O O-O 8. Re1
a5 9. h3 exd4 10. Nxd4 Nc5 11. Bf4 Be6 12. Nxe6 fxe6 13. e5 d5 14. exf6 Bxf6
15. Be5 dxc4 16. Qe2 Bxe5 17. Qxe5 Rf5 18. Qe2 Qh4 19. Rad1 Raf8 20. f3 e5 21.
Ne4 Nxe4 22. Qxc4+ Kh8 23. Rxe4 Qg5 24. Qe2 h6 25. Re1 Re8 26. b3 Re6 27. Qe3
Qd8 28. g4 Rf8 29. Kg2 Rfe8 30. Qe2 Qd5 31. Rd1 Qc5 32. f4 R6e7 33. Re1 Qd5 34.
c4 Qc5 35. Rxe5 Rxe5 36. fxe5 Qb4 37. Qe3 b5 38. cxb5 cxb5 39. axb5 Qxb5 40. e6
a4 41. bxa4 Qxa4 42. Kg3 Qc6 43. Qe5 Kg8 44. Re3 Re7 45. Qf5 Qc7+ 46. Qe5 Qc6
47. h4 Qb6 48. h5 Qb1 49. Qe4 Qb8+ 50. Qf4 Qb6 51. Qe5 Qb1 52. Kf4 Qb4+ 53. Re4
Qd2+ 54. Re3 Qb4+ 55. Kf5 Qb7 56. Kg6 Qc6 57. Kf5 Qc1 58. Qf4 Qc6 59. Qe4 Qc5+
60. Qe5 Qc2+ 61. Re4 Qc6 62. Qb8+ Re8 63. Qa7 Qd5+ 64. Kf4 Rxe6 1/2-1/2

[Event "HSK Osteropen 2024"]
[Site "Hamburg"]
[Date "2024.03.30"]
[Round "3.11"]
[White "Stahl, Alexander"]
[Black "Mix, Clemens"]
[Result "0-1"]
[WhiteElo "1710"]
[BlackElo "2032"]
[PlyCount "122"]
[EventDate "2024.03.29"]

1. d4 d5 2. c4 e6 3. Nf3 Nf6 4. g3 dxc4 5. Bg2 c5 6. Qa4+ Nc6 7. Ne5 Bd7 8.
Nxd7 Qxd7 9. dxc5 Rc8 10. Na3 Bxc5 11. O-O Bxa3 12. Qxa3 Qe7 13. Qa4 O-O 14.
Be3 Nd5 15. Bxd5 exd5 16. Rfd1 Rfd8 17. Qb5 Qe6 18. Rd2 b6 19. Rad1 Ne7 20. a4
Qc6 21. Qxc6 Rxc6 22. g4 f6 23. Bf4 Re6 24. f3 Re8 25. Kf2 Nc6 26. e3 g5 27.
Bg3 Rxe3 28. Rxd5 Re2+ 29. Kf1 Rxb2 30. Rd6 Ne5 31. Rxf6 c3 32. Rf5 c2 33.
Rxg5+ Ng6 34. Rc1 Rb1 35. Bf4 Rxc1+ 36. Bxc1 Rd8 37. Ke2 Rd1 38. Bb2 c1=Q 39.
Bxc1 Rxc1 40. h4 Rc5 41. Kd3 Kf7 42. Rxc5 bxc5 43. Kc4 Nxh4 44. Kxc5 Nxf3 45.
Kb5 Nd4+ 46. Ka6 Kg6 47. Kxa7 Kg5 48. Kb6 Nb3 49. Kb5 Kxg4 50. Kb4 h5 51. Kxb3
h4 52. Kb4 h3 53. a5 h2 54. Kb5 h1=Q 55. Kb6 Qa8 56. a6 Kf5 57. a7 Ke6 58. Ka6
Kd6 59. Kb6 Qc6+ 60. Ka5 Kc5 61. a8=Q Qb5# 0-1

[Event "HSK Osteropen 2024"]
[Site "Hamburg"]
[Date "2024.03.30"]
[Round "3.12"]
[White "Bachschisade, Elvin"]
[Black "Rogozenco, Teodora"]
[Result "0-1"]
[WhiteElo "1791"]
[BlackElo "1985"]
[PlyCount "70"]
[EventDate "2024.03.29"]

1. c4 e5 2. g3 c6 3. Nf3 e4 4. Nd4 d5 5. e3 Nf6 6. b3 c5 7. Nc2 Nc6 8. Bb2 dxc4
9. Bxc4 Bf5 10. h3 Bd6 11. g4 Bg6 12. g5 Nh5 13. h4 h6 14. Qg4 Qc8 15. Qg2 Qf5
16. Be2 Ne5 17. Bxe5 Qxe5 18. Bb5+ Ke7 19. Nc3 a6 20. Be2 b5 21. O-O-O Bc7 22.
f4 exf3 23. Bxf3 Rad8 24. Nd5+ Rxd5 25. Bxd5 Rd8 26. Bf3 Ng3 27. Rhg1 c4 28.
Nd4 Rxd4 29. exd4 Qxd4 30. Rde1+ Kf8 31. Be4 Nxe4 32. Re3 Qa1+ 33. Kc2 Ng3+ 34.
d3 Qxa2+ 35. Kd1 Qb1+ 0-1

[Event "HSK Osteropen 2024"]
[Site "Hamburg"]
[Date "2024.03.30"]
[Round "3.13"]
[White "Kohtz, Andreas"]
[Black "Yasar, Hamit"]
[Result "1-0"]
[WhiteElo "1981"]
[BlackElo "1761"]
[PlyCount "26"]
[EventDate "2024.03.29"]

1. d4 e6 2. Bf4 f5 3. Nf3 Nf6 4. g3 b6 5. Bg2 Bb7 6. O-O Be7 7. c4 d6 8. Nc3
O-O 9. Rc1 Nbd7 10. Ng5 Re8 11. Bxb7 Ng4 12. Nxe6 Qb8 13. Bxa8 Qxa8 1-0

[Event "HSK Osteropen 2024"]
[Site "Hamburg"]
[Date "2024.03.30"]
[Round "3.14"]
[White "Lasschuit, Rene"]
[Black "Fabig, Holger"]
[Result "0-1"]
[WhiteElo "1763"]
[BlackElo "1980"]
[PlyCount "54"]
[EventDate "2024.03.29"]

1. Nf3 e6 2. c4 b6 3. g3 Bb7 4. Bg2 f5 5. O-O Nf6 6. d4 g6 7. Nc3 Bg7 8. d5 O-O
9. dxe6 dxe6 10. Qxd8 Rxd8 11. Nb5 Na6 12. Bf4 Ne8 13. Rad1 Bxb2 14. Be5 Bxf3
15. Bxb2 Bxg2 16. Kxg2 c5 17. Be5 Nb4 18. a3 Nc6 19. Bf4 Na5 20. Rc1 Rd7 21. a4
Nc6 22. Bg5 a6 23. Na3 Raa7 24. Rcd1 Kf7 25. Nc2 Nd6 26. Ne3 Ne4 27. Bf4 g5 0-1

[Event "HSK Osteropen 2024"]
[Site "Hamburg"]
[Date "2024.03.30"]
[Round "3.15"]
[White "Schramm, Fynn"]
[Black "Seum, Ferdinand"]
[Result "1/2-1/2"]
[WhiteElo "1959"]
[BlackElo "1747"]
[PlyCount "104"]
[EventDate "2024.03.29"]

1. e4 c6 2. d4 d5 3. exd5 cxd5 4. Bd3 Nc6 5. c3 Nf6 6. h3 e5 7. dxe5 Nxe5 8.
Nf3 Nxd3+ 9. Qxd3 a6 10. O-O Be7 11. Bf4 O-O 12. Nbd2 Bd7 13. Nd4 Bc5 14. Rfe1
Qb6 15. N2b3 Bxd4 16. Qxd4 Qxd4 17. Nxd4 Rfe8 18. f3 Rxe1+ 19. Rxe1 Re8 20. Kf2
g6 21. Rxe8+ Nxe8 22. Ke3 Ng7 23. Bd6 f6 24. g4 Kf7 25. h4 h5 26. gxh5 Nxh5 27.
Nb3 Ng7 28. Nd4 Bf5 29. a4 Bd7 30. a5 Bc6 31. b3 Ke8 32. Bh2 Kd7 33. Ne2 Nf5+
34. Kf4 Nxh4 35. Nd4 Ng2+ 36. Kg3 Ne1 37. Kf2 Nd3+ 38. Ke3 Ne5 39. Bg3 Nf7 40.
Kf4 Ke7 41. Kg4 Bd7+ 42. Kf4 Nh6 43. Bh2 g5+ 44. Kg3 f5 45. Bg1 Kf6 46. Nc2 f4+
47. Kg2 Nf5 48. Kf2 Ke5 49. Ke2 Bb5+ 50. Kd2 Nh4 51. Ne1 Ke6 52. Bf2 Kf5 {
Rest nicht rekonstruierbar (66Züge)} 1/2-1/2

[Event "HSK Osteropen 2024"]
[Site "Hamburg"]
[Date "2024.03.30"]
[Round "3.16"]
[White "Klaeke, Gregor"]
[Black "Koop, Börge"]
[Result "0-1"]
[WhiteElo "1744"]
[BlackElo "1918"]
[PlyCount "90"]
[EventDate "2024.03.29"]

1. e4 e5 2. Nf3 Nc6 3. Bb5 a6 4. Ba4 Nf6 5. O-O d6 6. d3 Bg4 7. Nbd2 b5 8. Bb3
Nd4 9. c3 Nxb3 10. Qxb3 Be7 11. h3 Be6 12. Qc2 c5 13. d4 cxd4 14. cxd4 Rc8 15.
Qd3 exd4 16. Nxd4 Qd7 17. Nxe6 Qxe6 18. b3 Qe5 19. Rb1 Rc3 20. Qe2 Rc2 21. f4
Qd4+ 22. Kh1 O-O 23. e5 Nd5 24. Nf3 Qc5 25. Qe4 Rxa2 26. Bb2 dxe5 27. Rfc1 Nf6
28. Qxe5 Qxe5 29. Nxe5 Ne4 30. Nf3 Nf2+ 31. Kh2 Nd3 32. Rc7 Bd6 33. Rc2 Bxf4+
34. g3 Be5 35. Nxe5 Nxe5 36. Kg2 f6 37. Rd2 Rc8 38. Ra1 Rxa1 39. Bxa1 a5 40. h4
a4 41. Bxe5 fxe5 42. bxa4 bxa4 43. Ra2 Ra8 44. Kf3 a3 45. Ke4 Ra5 0-1

[Event "HSK Osteropen 2024"]
[Site "Hamburg"]
[Date "2024.03.30"]
[Round "3.17"]
[White "Lehmkuhl, Stefan"]
[Black "Grillmaier, Alexander"]
[Result "1/2-1/2"]
[WhiteElo "1900"]
[BlackElo "1728"]
[PlyCount "69"]
[EventDate "2024.03.29"]

1. d4 f5 2. h3 Nf6 3. g4 fxg4 4. hxg4 b6 5. Bg2 d5 6. g5 Ne4 7. Bf4 e6 8. Nf3
Nc6 9. c3 Bd6 10. Bxd6 Qxd6 11. Nbd2 Nxd2 12. Qxd2 Bd7 13. g6 h6 14. Ng5 Rf8
15. Nf7 Qe7 16. O-O-O Nd8 17. e4 Nxf7 18. gxf7+ Qxf7 19. exd5 O-O-O 20. dxe6
Bxe6 21. Qe3 Bc4 22. Qe4 Qf4+ 23. Qxf4 Rxf4 24. b3 Ba6 25. Rd2 Rdf8 26. f3 Bb7
27. d5 c6 28. Bh3+ Kc7 29. d6+ Kd8 30. Bg4 c5 31. Rg1 g5 32. Rh2 Bxf3 33. Bxf3
Rxf3 34. Rxh6 Rf1+ 35. Rxf1 1/2-1/2

[Event "HSK Osteropen 2024"]
[Site "Hamburg"]
[Date "2024.03.30"]
[Round "3.18"]
[White "Schranz, Patrick"]
[Black "Knaak, Michael"]
[Result "1/2-1/2"]
[WhiteElo "1694"]
[BlackElo "1892"]
[PlyCount "43"]
[EventDate "2024.03.29"]

1. d4 Nf6 2. c4 e5 3. dxe5 Ne4 4. Nf3 b6 5. Qd5 Bb7 6. Qxb7 Nc6 7. Bg5 Nxg5 8.
Nxg5 Rb8 9. Qa6 Bb4+ 10. Nc3 Qxg5 11. e3 Bxc3+ 12. bxc3 Qxe5 13. Rc1 O-O 14.
Qb5 Rfe8 15. Be2 Qf6 16. O-O Re5 17. Qb1 Rbe8 18. Rfd1 d6 19. Rd5 Na5 20. Qb5
Qd8 21. Qa6 Qb8 22. Rcd1 1/2-1/2

[Event "HSK Osteropen 2024"]
[Site "Hamburg"]
[Date "2024.03.30"]
[Round "3.19"]
[White "Ibe, Justus"]
[Black "Wendriner, Mirco"]
[Result "1-0"]
[WhiteElo "1691"]
[BlackElo "1880"]
[PlyCount "61"]
[EventDate "2024.03.29"]

1. d4 d5 2. c3 e6 3. e3 Nf6 4. f4 c5 5. Nf3 Nc6 6. Bd3 Be7 7. O-O O-O 8. Ne5
Bd6 9. Nd2 Ne7 10. Qf3 Ng6 11. g4 c4 12. Bc2 b5 13. g5 Nd7 14. Qh5 Bxe5 15.
fxe5 Re8 16. e4 a5 17. exd5 exd5 18. Rf3 Ndf8 19. Nf1 b4 20. Ne3 Qb6 21. Nxd5
Qb5 22. Nf6+ Kh8 23. Nxe8 Qxe8 24. Be4 Ra7 25. Bd2 bxc3 26. bxc3 Bd7 27. Raf1
Qc8 28. Rxf7 Bg4 29. Rxf8+ Nxf8 30. Rxf8+ Qxf8 31. Qxh7# 1-0

[Event "HSK Osteropen 2024"]
[Site "Hamburg"]
[Date "2024.03.30"]
[Round "3.23"]
[White "Malchereck, Romeo"]
[Black "Kellner, Anton"]
[Result "1/2-1/2"]
[WhiteElo "1812"]
[BlackElo "1690"]
[PlyCount "54"]
[EventDate "2024.03.29"]

1. e4 c5 2. Nf3 d6 3. Bb5+ Nd7 4. c4 a6 5. Ba4 g6 6. O-O Bg7 7. Nc3 Ngf6 8. d3
O-O 9. h3 Nb6 10. Bb3 e6 11. Bg5 Qe8 12. Re1 Bd7 13. e5 dxe5 14. Nxe5 Nc8 15.
Ba4 Nb6 16. Bc2 Nc8 17. Na4 Bxa4 18. Bxa4 b5 19. Qf3 Nb6 20. Bxf6 Nxa4 21. Ng4
h5 22. Bxg7 Kxg7 23. Nf6 Qd8 24. Nxh5+ gxh5 25. Re5 Qf6 26. Qg3+ Kh6 27. Qe3+
Kg6 1/2-1/2

[Event "HSK Osteropen 2024"]
[Site "Hamburg"]
[Date "2024.03.30"]
[Round "3.25"]
[White "Gufeng, Mi"]
[Black "Ihlow, Florian"]
[Result "1-0"]
[WhiteElo "1723"]
[BlackElo "1604"]
[PlyCount "97"]
[EventDate "2024.03.29"]

1. g4 e5 2. Bg2 Bc5 3. e3 Ne7 4. h4 d5 5. d3 Qd7 6. Bh3 Qc6 7. Ne2 Qf6 8. h5
Qf3 9. Ng3 Qxd1+ 10. Kxd1 Nbc6 11. c3 b5 12. d4 exd4 13. cxd4 Bd6 14. Nc3 Bxg3
15. fxg3 a6 16. Bd2 Rb8 17. Rc1 Nb4 18. Ke2 Be6 19. a3 Nbc6 20. b4 Nd8 21. Nd1
Rc8 22. Nf2 Nb7 23. Nd3 O-O 24. Rhf1 Rfd8 25. Rf2 Rd6 26. Rcf1 Rf8 27. Nf4 Nc6
28. Nxe6 Rxe6 29. Kd3 Nd6 30. g5 Re7 31. Bg2 Ne4 32. Bxe4 dxe4+ 33. Ke2 Rd8 34.
Rc1 Nb8 35. Rc5 Rd6 36. Rf4 Rc6 37. g4 Rxc5 38. bxc5 Nc6 39. Kf2 a5 40. Ke2 b4
41. d5 b3 42. dxc6 Re5 43. Bc3 Rxc5 44. Bd4 Rc2+ 45. Kd1 Rxc6 46. Rxe4 Kf8 47.
a4 Rc4 48. Bxg7+ Kxg7 49. Rxc4 1-0

[Event "HSK Osteropen 2024"]
[Site "Hamburg"]
[Date "2024.03.30"]
[Round "3.26"]
[White "Schacht, David"]
[Black "Haack, Stefan"]
[Result "1-0"]
[WhiteElo "1704"]
[BlackElo "1806"]
[PlyCount "81"]
[EventDate "2024.03.29"]

1. b3 d5 2. Bb2 c5 3. Nf3 Nc6 4. e3 Bg4 5. Be2 Nf6 6. O-O e6 7. d3 Be7 8. Nbd2
Qc7 9. c4 O-O 10. Nh4 Bxe2 11. Qxe2 Nd7 12. Nhf3 Bf6 13. Bxf6 Nxf6 14. d4 cxd4
15. Nxd4 Nxd4 16. exd4 Qf4 17. Qe3 Qxe3 18. fxe3 b6 19. Rac1 Rac8 20. Rf4 Rc7
21. e4 dxe4 22. Nxe4 Nxe4 23. Rxe4 Rfc8 24. Re3 Kf8 25. Kf2 Ke7 26. d5 b5 27.
dxe6 fxe6 28. Rce1 Rf8+ 29. Kg3 bxc4 30. Rxe6+ Kf7 31. bxc4 Rxc4 32. Re7+ Kg6
33. Rxa7 Rc3+ 34. Kh4 Kh6 35. Re6+ g6 36. g4 Rf4 37. h3 Rd4 38. a4 Rcc4 39. a5
Rxg4+ 40. hxg4 Rxg4+ 41. Kh3 1-0

[Event "HSK Osteropen 2024"]
[Site "Hamburg"]
[Date "2024.03.30"]
[Round "3.29"]
[White "Braren, Ove Neelis"]
[Black "Grebita, Magnus"]
[Result "0-1"]
[WhiteElo "1635"]
[BlackElo "1701"]
[PlyCount "120"]
[EventDate "2024.03.29"]

1. e4 e5 2. Nf3 Nc6 3. d4 exd4 4. Nxd4 Bc5 5. Be3 Qf6 6. c3 Nge7 7. Bc4 Ne5 8.
Bb3 d6 9. h3 Bb6 10. Nd2 Qg6 11. Qe2 Qxg2 12. O-O-O Qg6 13. Rdg1 Qf6 14. Bg5
Qxf2 15. Qxf2 Nd3+ 16. Kc2 Nxf2 17. Bxf7+ Kxf7 18. Rf1 Bxd4 19. cxd4 Kg6 20.
Rxf2 Kxg5 21. Rg1+ Kh6 22. Kd3 g6 23. h4 Bd7 24. Rgf1 Bb5+ 25. Nc4 d5 26. exd5
Nf5 27. Rf4 Bxc4+ 28. Kxc4 Ne3+ 29. Kc3 Nxf1 30. Rxf1 Rhf8 31. Re1 Rae8 32. Rc1
Re7 33. b4 Rf3+ 34. Kc4 Rf4 35. Kc5 b6+ 36. Kc6 Rxd4 37. Rf1 Rxb4 38. Rf2 Rc4+
39. Kb5 Rc5+ 40. Kb4 Rxd5 41. Kc4 Rc5+ 42. Kd4 Rd7+ 43. Ke4 Rc4+ 44. Ke5 Rcd4
45. Ke6 c5 46. Rc2 c4 47. Rc3 b5 48. a3 a5 49. Rc1 b4 50. axb4 axb4 51. Rb1 c3
52. Rc1 Rc7 53. Ke5 Rd8 54. Ke4 c2 55. Ke3 Rd1 56. Rxc2 Rxc2 57. Ke4 b3 58. Ke3
b2 59. Kf3 b1=R 60. Kg4 Rd4+ 0-1

[Event "HSK Osteropen 2024"]
[Site "Hamburg"]
[Date "2024.03.30"]
[Round "3.30"]
[White "Wang, Huanying"]
[Black "Wokel, Justus"]
[Result "0-1"]
[WhiteElo "1525"]
[BlackElo "1694"]
[PlyCount "89"]
[EventDate "2024.03.29"]

1. e4 c5 2. Bc4 e6 3. Nf3 d5 4. Be2 dxe4 5. Ne5 Bd6 6. Nc4 Nf6 7. Nxd6+ Qxd6 8.
Nc3 Nc6 9. Nb5 Qd8 10. O-O a6 11. Nc3 b5 12. a3 Bb7 13. d3 exd3 14. Bxd3 c4 15.
Bf5 Qxd1 16. Nxd1 exf5 17. Re1+ Kd7 18. Be3 Rhe8 19. Nc3 Kc7 20. Rad1 Rad8 21.
Bf4+ Kc8 22. Re3 Rxd1+ 23. Nxd1 Rxe3 24. Nxe3 Nd4 25. Kf1 Ne6 26. Bd6 Kd7 27.
Bb4 g6 28. Bc3 Nd5 29. Bh8 Nxe3+ 30. fxe3 Be4 31. c3 Nc5 32. Kf2 Nd3+ 33. Kg3
Nxb2 34. h4 a5 35. Kf4 Kd6 36. g4 f6 37. g5 fxg5+ 38. Kxg5 Nd1 39. Kf4 b4 40.
cxb4 axb4 41. axb4 c3 42. Kg5 c2 43. Bd4 c1=Q 44. Kf4 Kc7 45. Kg5 0-1

[Event "HSK Osteropen 2024"]
[Site "Hamburg"]
[Date "2024.03.30"]
[Round "3.32"]
[White "Rojas Albores, Graciela Iv"]
[Black "Hock, Reiner"]
[Result "1/2-1/2"]
[WhiteElo "1653"]
[BlackElo "1602"]
[PlyCount "131"]
[EventDate "2024.03.29"]

1. e4 c5 2. Nf3 d6 3. Bc4 e6 4. Nc3 Nc6 5. O-O Be7 6. a3 a6 7. Re1 Nf6 8. d4 d5
9. exd5 exd5 10. Ba2 O-O 11. dxc5 Bg4 12. Bg5 h6 13. Bxf6 Bxf6 14. Nxd5 Bxb2
15. Rb1 Bxa3 16. h3 Be6 17. Ne5 Bxc5 18. Nxc6 bxc6 19. Nc3 Bd4 20. Bxe6 fxe6
21. Ne4 e5 22. c3 Ba7 23. Qa4 Qe8 24. Re2 Rb8 25. Qc4+ Kh8 26. Rbe1 Qd7 27. Nc5
Bxc5 28. Qxc5 Rfe8 29. Rxe5 Rxe5 30. Qxe5 Qc8 31. f4 Rb5 32. Qd6 a5 33. Qg6 Rb8
34. f5 Qf8 35. Kh1 Kg8 36. Rf1 Qf6 37. Qg3 Ra8 38. Qd3 a4 39. Qc4+ Kh7 40. Qe6
a3 41. c4 a2 42. Qxf6 gxf6 43. Ra1 h5 44. g4 Kh6 45. Kg2 Kg5 46. gxh5 Kxh5 47.
Kf3 Kg5 48. Ke4 Ra3 49. Kd4 Ra5 50. Ke4 Kh4 51. Kf3 Rxf5+ 52. Ke4 Ra5 53. c5
Ra4+ 54. Kf5 Ra3 55. Kxf6 Kxh3 56. Ke6 Ra6 57. Kd7 Kg3 58. Kc7 Kf3 59. Kb7 Ra3
60. Kxc6 Ke3 61. Kc7 Kd3 62. c6 Kc3 63. Kd6 Kb2 64. Rxa2+ Kxa2 65. c7 Rd3+ 66.
Ke7 1/2-1/2

[Event "HSK Osteropen 2024"]
[Site "Hamburg"]
[Date "2024.03.30"]
[Round "4.1"]
[White "Woelk, Tom-Frederic"]
[Black "Keyser, Robin"]
[Result "1/2-1/2"]
[WhiteElo "2345"]
[BlackElo "2149"]
[PlyCount "88"]
[EventDate "2024.03.29"]

1. d4 Nf6 2. c4 e6 3. Nc3 Bb4 4. f3 c5 5. d5 b5 6. e4 d6 7. Bd2 a6 8. a4 O-O 9.
axb5 Nh5 10. g3 f5 11. Bg2 exd5 12. Nxd5 Bxd2+ 13. Qxd2 Nd7 14. Ne2 Bb7 15.
bxa6 Rxa6 16. O-O Rxa1 17. Rxa1 fxe4 18. fxe4 Ne5 19. Qc3 Bxd5 20. exd5 Qb6 21.
b3 h6 22. Be4 Qd8 23. Bg2 Qf6 24. Rf1 Qg5 25. Rxf8+ Kxf8 26. Bf3 Kg8 27. Kg2
Nxf3 28. Qxf3 Qe5 29. Ng1 Nf6 30. Nh3 Qb2+ 31. Nf2 Nd7 32. Qf5 Nf8 33. Kh3 Qxb3
34. Ne4 Qxc4 35. Nxd6 Qe2 36. Qf7+ Kh7 37. Qxf8 Qh5+ 38. Kg2 Qxd5+ 39. Kf2 Qd2+
40. Kf3 Qd3+ 41. Kg4 Qe2+ 42. Kh3 Qh5+ 43. Kg2 Qd5+ 44. Kf2 Qd2+ 1/2-1/2

[Event "HSK Osteropen 2024"]
[Site "Hamburg"]
[Date "2024.03.30"]
[Round "4.2"]
[White "Holinka, Henning"]
[Black "Böhm, Thomas"]
[Result "1/2-1/2"]
[WhiteElo "2183"]
[BlackElo "2164"]
[PlyCount "81"]
[EventDate "2024.03.29"]

1. e4 c6 2. Nc3 d5 3. Nf3 dxe4 4. Nxe4 Nf6 5. Qe2 Nxe4 6. Qxe4 Nd7 7. d4 Nf6 8.
Qf4 g6 9. Ne5 Be6 10. c3 Bg7 11. Be2 Rc8 12. O-O O-O 13. Rd1 Qc7 14. Nd3 Bc4
15. Qxc7 Rxc7 16. Bf4 Bxd3 17. Rxd3 Rd7 18. c4 Rfd8 19. Rad1 Ne4 20. Be3 e6 21.
g4 h6 22. f3 Nf6 23. g5 hxg5 24. Bxg5 Re8 25. a4 Nh7 26. Bh4 Bf6 27. Bf2 Bg5
28. Bf1 Nf6 29. a5 a6 30. b4 Red8 31. Rb3 e5 32. d5 cxd5 33. cxd5 Rxd5 34. Rxd5
Rxd5 35. b5 axb5 36. Bxb5 Nh5 37. Bc4 Rxa5 38. Rxb7 Nf4 39. h4 Bh6 40. Rxf7 Kh8
41. Ra7 1/2-1/2

[Event "HSK Osteropen 2024"]
[Site "Hamburg"]
[Date "2024.03.30"]
[Round "4.3"]
[White "Magnussen, Helge"]
[Black "Popvasilev, Kaloyan"]
[Result "0-1"]
[WhiteElo "2084"]
[BlackElo "2226"]
[PlyCount "96"]
[EventDate "2024.03.29"]

1. d4 g6 2. c4 Bg7 3. Nf3 d6 4. g3 Bd7 5. Bg2 Qc8 6. Nc3 Nc6 7. Bg5 h6 8. Be3
Nf6 9. h3 O-O 10. Qd2 Kh7 11. g4 e5 12. d5 Na5 13. b3 Ng8 14. g5 h5 15. Nh4 b6
16. Ne4 Nb7 17. Ng3 Ne7 18. Be4 Kg8 19. Bc2 c6 20. Rc1 cxd5 21. cxd5 Qe8 22.
Qd3 Rc8 23. Rd1 Nxd5 24. Qxd5 Bc6 25. Qd2 Bxh1 26. f3 e4 27. Kf2 exf3 28. exf3
Bxf3 29. Nxf3 Qe6 30. Be4 Nc5 31. Bd5 Qxh3 32. Rh1 Qd7 33. b4 Ne6 34. Ne4 Qa4
35. Bb3 Qc6 36. Nf6+ Bxf6 37. gxf6 Rfe8 38. Kg3 Qe4 39. Rh4 Qf5 40. Nd4 Qe5+
41. Kg2 Qxf6 42. Nxe6 Qxh4 43. Ng5 Qg4+ 44. Kf2 Qf5+ 45. Kg2 d5 46. Qd4 Re5 47.
Nxf7 Kxf7 48. Bf4 Qg4+ 0-1

[Event "HSK Osteropen 2024"]
[Site "Hamburg"]
[Date "2024.03.30"]
[Round "4.4"]
[White "Reddmann, Hauke"]
[Black "Kahlert, Thomas"]
[Result "1/2-1/2"]
[WhiteElo "2107"]
[BlackElo "2122"]
[PlyCount "34"]
[EventDate "2024.03.29"]

1. d4 Nf6 2. Bg5 d5 3. Bxf6 exf6 4. e3 Bd6 5. c4 dxc4 6. Bxc4 O-O 7. Nf3 c6 8.
Nc3 Qe7 9. O-O Nd7 10. Re1 Nb6 11. Bf1 Be6 12. a3 Rfd8 13. Ne4 Bg4 14. Nxd6
Rxd6 15. Rc1 Rad8 16. Be2 Bxf3 17. Bxf3 f5 1/2-1/2

[Event "HSK Osteropen 2024"]
[Site "Hamburg"]
[Date "2024.03.30"]
[Round "4.5"]
[White "Wenzel, Birger"]
[Black "Zenker, Ulrich"]
[Result "1-0"]
[WhiteElo "2028"]
[BlackElo "2115"]
[PlyCount "69"]
[EventDate "2024.03.29"]

1. d4 d6 2. e4 g6 3. Nf3 Bg7 4. Bd3 c5 5. dxc5 dxc5 6. O-O Nc6 7. h3 Nf6 8. Re1
O-O 9. c3 e5 10. Qc2 Qe7 11. Be3 h6 12. a4 Be6 13. Na3 Rfc8 14. Bc4 b6 15. Rad1
Rd8 16. Nd2 Na5 17. Bxe6 Qxe6 18. b3 Rd7 19. Ndc4 Nxc4 20. Nxc4 Rad8 21. f3 Ne8
22. Bf2 f5 23. exf5 gxf5 24. Rxd7 Rxd7 25. Bg3 Re7 26. Nxe5 Qf6 27. Qf2 Qd6 28.
f4 Re6 29. Qc2 Qf8 30. Qd1 Nd6 31. Qd5 Qe8 32. Nc4 Ne4 33. Rxe4 fxe4 34. f5
Bxc3 35. fxe6 1-0

[Event "HSK Osteropen 2024"]
[Site "Hamburg"]
[Date "2024.03.30"]
[Round "4.6"]
[White "Fabig, Holger"]
[Black "Neutsch, Steffen"]
[Result "0-1"]
[WhiteElo "1980"]
[BlackElo "1994"]
[PlyCount "56"]
[EventDate "2024.03.29"]

1. e4 c6 2. d4 d5 3. e5 Bf5 4. h4 h5 5. Bg5 Qb6 6. Bd3 Bxd3 7. Qxd3 Qa6 8. Qe3
e6 9. c3 Ne7 10. Bxe7 Bxe7 11. Nd2 Nd7 12. Ne2 c5 13. Nf3 cxd4 14. Nfxd4 Nc5
15. Nf4 Rc8 16. f3 g5 17. hxg5 Bxg5 18. Nde2 Nb3 19. Rb1 Qxa2 20. Kf2 Rc4 21.
g3 h4 22. Kg2 Rg8 23. g4 Qa4 24. Nd4 Nxd4 25. cxd4 Rxd4 26. b3 Qb4 27. Rhd1
Rxd1 28. Rxd1 Qxf4 0-1

[Event "HSK Osteropen 2024"]
[Site "Hamburg"]
[Date "2024.03.30"]
[Round "4.7"]
[White "Günther, Patrick"]
[Black "Koop, Börge"]
[Result "1-0"]
[WhiteElo "2023"]
[BlackElo "1918"]
[PlyCount "69"]
[EventDate "2024.03.29"]

1. d4 d5 2. c4 e6 3. Nf3 Nf6 4. g3 Be7 5. Bg2 O-O 6. O-O c6 7. Qc2 Nbd7 8. Nbd2
Re8 9. e4 Nxe4 10. Nxe4 dxe4 11. Qxe4 Nf6 12. Qc2 c5 13. dxc5 Bxc5 14. Bf4 Qb6
15. Rad1 Nd7 16. Ng5 g6 17. Ne4 Be7 18. Bh6 e5 19. Rd5 f5 20. Ng5 e4 21. Rb5
Qc6 22. f3 a6 23. Rd5 e3 24. f4 Qb6 25. Kh1 Nf6 26. Re5 Bd7 27. c5 Qb5 28. c6
e2 29. Re1 Qb4 30. Qxe2 Bxc6 31. Bxc6 bxc6 32. Rxe7 Rxe7 33. Qxe7 Qxe7 34. Rxe7
Ng4 35. Rg7+ 1-0

[Event "HSK Osteropen 2024"]
[Site "Hamburg"]
[Date "2024.03.30"]
[Round "4.8"]
[White "Mix, Clemens"]
[Black "Malchereck, Zion"]
[Result "1-0"]
[WhiteElo "2032"]
[BlackElo "1891"]
[PlyCount "25"]
[EventDate "2024.03.29"]

1. d4 Nf6 2. c4 g6 3. g3 Bg7 4. Bg2 O-O 5. Nf3 d6 6. O-O c5 7. Nc3 cxd4 8. Nxd4
a6 9. b3 Qc7 10. Bb2 Nc6 11. Rc1 Nxd4 12. Qxd4 Nd7 13. Qxg7+ 1-0

[Event "HSK Osteropen 2024"]
[Site "Hamburg"]
[Date "2024.03.30"]
[Round "4.9"]
[White "Schell, Franz Jürgen"]
[Black "Dorendorf, Mika"]
[Result "0-1"]
[WhiteElo "2029"]
[BlackElo "1844"]
[PlyCount "60"]
[EventDate "2024.03.29"]

1. c4 e6 2. g3 d5 3. Bg2 Nf6 4. Nf3 Be7 5. O-O O-O 6. b3 Nbd7 7. Bb2 b6 8. cxd5
exd5 9. Nd4 Bb7 10. Nf5 Re8 11. Nxe7+ Qxe7 12. Re1 c5 13. Nc3 Nf8 14. d4 Rad8
15. e3 Qd7 16. dxc5 bxc5 17. Na4 Qd6 18. Bxf6 gxf6 19. Rc1 Nd7 20. Qg4+ Kh8 21.
Red1 Bc6 22. Rd2 Ne5 23. Qd1 Bxa4 24. Rxd5 Bxb3 25. Qxb3 Qa6 26. Bf1 c4 27.
Rxd8 Rxd8 28. Bxc4 Qc6 29. Qc2 Nxc4 30. Qxc4 Rd1+ 0-1

[Event "HSK Osteropen 2024"]
[Site "Hamburg"]
[Date "2024.03.30"]
[Round "4.10"]
[White "Wiethüchter, Samuel"]
[Black "Debertshäuser, Jörn"]
[Result "1-0"]
[WhiteElo "1857"]
[BlackElo "2010"]
[PlyCount "47"]
[EventDate "2024.03.29"]

1. e4 c5 2. Nf3 Nc6 3. d4 cxd4 4. Nxd4 Nf6 5. Nc3 e5 6. Ndb5 d6 7. Bg5 a6 8.
Na3 Be6 9. Nc4 Rc8 10. Bxf6 gxf6 11. Bd3 Bh6 12. Qh5 Bg7 13. Rd1 b5 14. Ne3 Nb4
15. O-O Nxd3 16. Rxd3 Bc4 17. Nxc4 bxc4 18. Rg3 Bf8 19. Nd5 Rc5 20. Rd1 a5 21.
Qf5 Be7 22. b3 cxb3 23. Rxb3 O-O 24. Rg3+ 1-0